00663 a2200181 45000010006000000050017000060080041000230030015000640400040000790800085001192450044002040200018002482640051002663000019003170410008003361000038003448560099003825903820260407155845.0260407a1994 arg spa dAR-UNSa-BCEJYS aAR-UNSa-BCEJYSbspacAR-UNSa-BCEJYS a342.4xConstituciones. Asambleas legislativas. Asambleas nacionales (Reforma...)10aConstitución de la Nación Argentina a950-572-278-8 1aBuenos Aires :bVíctor P. de Zavalíac1994 a290 p.c20 cm. aspa1 aArgentina [Constitucion Nacional]41uhttps://www.biblioeco.unsa.edu.ar/pmb/images/libros/L128933.jpgyImagen de portadaqimage/jpeg